000 00451nam a2200181Ia 4500
005 20240823010704.0
008 240823s9999||||xx |||||||||||||| ||und||
041 _aENGLISH
082 _A658.3 N8
100 _a"Mabey,Christopher [et al] (ed)"
245 0 _aStrategic Human Resource Management
250 _a1st
260 _c1998
_b"Sage,London"
500 _aYES
650 _aManagement
_bManagement Studies
942 _cBK
999 _c159369
_d159369